El imperio = Inland Empire /

Décimo largometraje dirigido por el cineasta David Lynch, quien prosigue su exploración del lado oscuro de Hollywood que acometiera anteriormente en Sueños, misterios y secretos (2001) y se reencuentra con la actriz Laura Dern –a la sazón, coproductora de la película- casi dos décadas después de Ter...

ver descrição completa

Na minha lista:
Detalhes bibliográficos
Autor principal: Lynch, David (realización)
Outros Autores: Lynch, David (guión) (guión), Lynch, David (fotógrafo) (fotógrafo), Lynch, David (montaje) (montaje), Zebrowski, Marek (música) (música), Dern, Laura (actuación) (actuación), Irons, Jeremy (actuación) (actuación), Theroux, Justin (actuación) (actuación)
Formato: Slides
Idioma:inglês
Publicado em: EUA : Inland Empire Productions, 2006, c2006
Assuntos:
Tags: Adicionar Tag
Sem tags, seja o primeiro a adicionar uma tag!

MARC

LEADER 00000ngm^a2200000^a^4500
001 000300559
005 20250521000000.0
009 20260310112518.195
037 |a Acervo ITESO - Biblioteca 
041 |a ING 
082 |a 810.  |b LYN 
100 |a Lynch, David  |e (realización) 
240 1 4 |a [El imperio] 
245 1 3 |a El imperio =  |b Inland Empire /  |c Realización de D. Lynch. 
264 4 |a EUA :  |b Inland Empire Productions,  |c 2006, c2006 
264 2 |a México :  |b Distrimax [distribución],  |c 2007, c2007 
300 |a 1 DVD regiones 1 y 4  |c (180 min.) 
336 |a imagen móvil bidimensional  |b tdi  |2 rdacontenido 
337 |a video  |b v  |2 rdamedio 
338 |a videodisco  |b vd  |2 rdasoporte 
520 |a Décimo largometraje dirigido por el cineasta David Lynch, quien prosigue su exploración del lado oscuro de Hollywood que acometiera anteriormente en Sueños, misterios y secretos (2001) y se reencuentra con la actriz Laura Dern –a la sazón, coproductora de la película- casi dos décadas después de Terciopelo azul (1986) y Salvaje de corazón (1990). Dern encarna a "una mujer con problemas", síntesis y clave única de interpretación que Lynch ofrece: una actriz que ha obtenido el ansiado papel estelar del "remake" de una película sobre frustración e infidelidad, cuyo guión parece haber quedado maldito por un crimen cometido cuando se intentó producirlo por vez primera, y que tiene un marido celoso, mientras se rumoran chismes acerca de una presunta aventura amorosa con su compañero protagonista. El cine dentro del cine implica, como cabría esperar de su autor, adentrarse en la personalidad escindida y el convulso estado mental de la protagonista y acompañarle a un viaje entre la vigilia y la pesadilla, a través de una tan intrigante como enmarañada acumulación de planos narrativos. Casi nunca afecto al relato lineal y mucho menos a explicar la narración, Lynch recurre por vez primera al video digital y lleva, con absoluta libertad, sus opciones cinematográficas al extremo de la complejidad o de la confusión, según lo vea el espectador. Con el cautivante poderío visual que lo caracteriza y su habitualmente perturbador uso del sonido, la película puede aburrir o fascinar, pero confirma de nuevo la fidelidad que Lynch se guarda a sí mismo y que lo coloca como uno de los verdaderos autores del cine estadounidense. 
520 |a Suplementos y características especiales: 1) Avance de la película (2 min.; en inglés, con subtítulos opcionales: español). 
546 |a En inglés y polaco, con subtítulos opcionales: español, inglés 
649 |a XX 
650 |a Películas de Suspenso y Terror 
650 |a Dramas Cinematográficos 
650 |a Cine Fantástico 
650 |a Surrealismo 
650 |a Cine Norteamericano -  |y 2000-2009 
650 |a Cine Norteamericano -  |y Siglo XXI 
650 |a Cine y Video Digital -  |z EUA 
650 |a Cine en Video -  |z EUA 
650 |a Cine Independiente -  |z EUA 
650 |a Cine en el Cine 
650 |a Mujeres en el Cine 
650 |a Identidad Personal 
650 |a Infidelidad 
650 |a Relaciones de Pareja 
650 |a Inconsciente 
650 |a Psicopatología 
700 |a Lynch, David  |e (guión) 
700 |a Lynch, David  |e (fotógrafo) 
700 |a Lynch, David  |e (montaje) 
700 |a Zebrowski, Marek  |e (música) 
700 |a Dern, Laura  |e (actuación) 
700 |a Irons, Jeremy  |e (actuación) 
700 |a Theroux, Justin  |e (actuación) 
910 |a Fondo General 
920 |a Audiovisuales - DVDs 
940 |a Películas 
905 |a 302 
901 |a 0500177212  |b IT2  |c DVS  |i C117689  |u 20250521 
902 |a https://opac.biblio.iteso.mx/vufind/Record/000300559